Microsoft. Mixed-language programming guide for the MS-DOS operating system

Saved in:
Bibliographic Details
Format: Book
Language:English
Published: B.m. : Microsoft Corporation, 1987
Tags: Add Tag
No Tags, Be the first to tag this record!

MARC

LEADER 00000nam a22000003a 4500
001 stu2274
005 20200911103353.8
008 920904s1987------------------------eng-d
040 |a STU  |b slo 
041 0 |a eng 
080 |a 681.32.06 
080 |a Microsoft 
080 |a 519.68 
245 |a Microsoft. Mixed-language programming guide for the MS-DOS operating system 
260 |a B.m. :  |b Microsoft Corporation,  |c 1987 
300 |a 140 s 
996 |b I4194  |c I*4194  |l II680  |s A  |a 24  |w stu2274_0001